Ρύπανση επιφανειακών υδάτων από αστικές και βιομηχανικές απορροές : η περίπτωση της αποστραγγιστικής τάφρου 66 : πτυχιακή εργασία

Αποθηκεύτηκε σε:
Λεπτομέρειες βιβλιογραφικής εγγραφής
Κύριος συγγραφέας: Καββαδία, Μυρτώ
Συγγραφή απο Οργανισμό/Αρχή: Πανεπιστήμιο Αιγαίου. Σχολή Περιβάλλοντος. Τμήμα Περιβάλλοντος
Άλλοι συγγραφείς: Στασινάκης, Αθανάσιος (Εισηγητής διατριβής)
Μορφή: Thesis Βιβλίο
Γλώσσα:Greek
Δημοσίευση: 2011
Θέματα:
Ετικέτες: Προσθήκη ετικέτας
Δεν υπάρχουν, Καταχωρήστε ετικέτα πρώτοι!

MARC

LEADER 00000cam a2200000 i 4500
001 1/15916
008 111024s2011 gre d
035 |l 10111167 
040 |a GR-MY-UA  |b gre  |e aacr 
041 0 |a gre 
082 0 |a 628.16  |2 (22) 
100 1 |a Καββαδία, Μυρτώ. 
245 1 0 |a Ρύπανση επιφανειακών υδάτων από αστικές και βιομηχανικές απορροές :  |b η περίπτωση της αποστραγγιστικής τάφρου 66 : πτυχιακή εργασία /  |c της φοιτήτριας Καββαδίας Μυρτώ ; επιβλέπων καθηγητής: Στασινάκης Α. 
260 |c 2011 
300 |a 51 σ.;  |b εικ.;  |c 30 εκ. 
502 # # |a Πτυχιακή εργασία – Πανεπιστήμιο Αιγαίου, Λέσβος, 2011. 
504 |a Βιβλιογραφία: σ. 50-51 
650 0 0 |a Water resources development  |z Greece. 
650 0 0 |a Water  |x Pollution  |z Greece. 
650 0 0 |a Industries  |x Environmental aspects  |z Greece. 
650 0 0 |a Rivers  |z Greece. 
650 0 0 |a Dissertations, Academic  |z Greece. 
700 1 |a Στασινάκης, Αθανάσιος.  |4 ths 
710 2 |a Πανεπιστήμιο Αιγαίου.   |b Σχολή Περιβάλλοντος.   |b Τμήμα Περιβάλλοντος. 
852 |a INST  |b LESVOS  |c DIATR  |e 20111024  |h 1349  |p 005100051270  |q 005100051270  |t DIE  |y 23 
852 |a INST  |b LESVOS  |c DIATR  |e 20111024  |h 1350  |p 005100051269  |q 005100051269  |t DIE  |y 23 
901 |a BIBL1-2011-3 
909 |a Λ  |b 172918 
909 |a Λ  |b 172919 
924 |a ΚΑΒΒΑΔΙΑ  |b ΜΥΡΤΩ  |y ΛΕΣΒΟΣ  |z 2011-07 
970 |a ΤΖΑΦΕΡΗ  |b ΕΥΑΓΓΕΛΙΑ  |z 2011/10/24